Literary Houses Quiz Stats

 Plays Quiz not verified by Sporcle

Challenge
Share
Tweet
Embed
Score 0/12 Timer 06:00
0 Plays Today
Description House % Correct
The title location of an Emily Bronte novelWuthering Heights
86.8%
The place where Holmes and Watson investigate a ghostly houndBaskerville Hall
83.8%
The structure that falls in a story by Edgar Allen PoeHouse of Usher
77.9%
The revisited place in a work by Evelyn WaughBrideshead
75%
The plantation home of Scarlet O'Hara in Gone with the WindTara
75%
The title house of a Jane Austen novelNorthanger Abbey
66.2%
The title house of a Jane Austen novelMansfield Park
63.2%
The title home of a tenant in an Anne Bronte novelWildfell Hall
48.5%
Mr. Darcy's estate in Pride and PrejudicePemberley
44.1%
Rochester's home in Jane EyreThornfield Hall
29.4%
The plantation Blanche DuBois loses before showing up in A Streetcar Named DesireBelle Reve
17.6%
The original name of Animal FarmManor Farm
13.2%

You're not logged in!

Compare scores with friends on all Sporcle quizzes.
OR
Log In

You Might Also Like...

Show Comments

Extras

Created Jan 13, 2012ReportNominate
Tags:estate, home, house, manor

Top Quizzes Today


Score Distribution

Your Account Isn't Verified!

In order to create a playlist on Sporcle, you need to verify the email address you used during registration. Go to your Sporcle Settings to finish the process.

Report this User

Report this user for behavior that violates our Community Guidelines.

Details: